Home Print Resources E-Books E-Journals IIMT Lecture Series Library Membership Form Book Recommendation Form Campus Tour Take AdmissionAbout Us Contact Us

INTRODUCTION TO COMPUTER THEORY (Record no. 3504)

000 -LEADER
fixed length control field 00308nam a2200133Ia 4500
003 - CONTROL NUMBER IDENTIFIER
control field OSt
005 - DATE AND TIME OF LATEST TRANSACTION
control field 20240425100029.0
008 - FIXED-LENGTH DATA ELEMENTS--GENERAL INFORMATION
fixed length control field 170524s9999 xx 000 0 und d
020 ## - INTERNATIONAL STANDARD BOOK NUMBER
International Standard Book Number 9780471137726
040 ## - CATALOGING SOURCE
Transcribing agency IIMTU MEERUT
100 ## - MAIN ENTRY--PERSONAL NAME
Personal name COHEN- D.
245 #0 - TITLE STATEMENT
Title INTRODUCTION TO COMPUTER THEORY
942 ## - ADDED ENTRY ELEMENTS (KOHA)
Source of classification or shelving scheme
Koha item type Book Bank
Holdings
Withdrawn status Lost status Source of classification or shelving scheme Damaged status Not for loan Home library Current library Date acquired Total Checkouts Barcode Date last seen Date last checked out Price effective from Koha item type Public note
          IIMT University Central Library Meerut IIMT University Central Library Meerut 05/31/2017 1 01-B-26168 03/24/2021 03/24/2021 05/31/2017 Book Bank
          IIMT University Central Library Meerut IIMT University Central Library Meerut 05/31/2017   01-B-26169 05/31/2017   05/31/2017 Book Bank  
          IIMT University Central Library Meerut IIMT University Central Library Meerut 05/31/2017   01-B-26170 05/31/2017   05/31/2017 Book Bank  
IIMT, Central Library. All Rights Reserved IIMT,UNIVERSITY © 2023
Implemented and Customised by I CLOUDE EMS
You Are OPAC Visitor No
free web counter

Powered by Koha